000 01226nam a2200349 i 4500
001 198237
003 ES-MaACL
005 20260630185209.0
007 ta
008 260414s2024 sp ||||| |||| 001 1 spa d
017 _aCC 132-2025
_bOficina Depósito Legal Cáceres
020 _a978-84-129730-2-0
040 _aES-MaACL
_bspa
_cES-MaACL
_erda
080 _a821.134.2-14"19"(082.2)
100 1 _aGranda, Enrique
_9242974
_4aut
_eaut
245 1 0 _aAntología de poetas farmacéuticos españoles /
_cEnrique Granda
264 1 _a[Cáceres] :
_bGrandafarm,
_c2025
264 4 _c©2025
300 _a211 páginas ;
_c23 cm
336 _atexto
_2rdacontent
337 _asin mediación
_2rdamedia
338 _avolumen
_2rdacarrier
500 _aEjemplar firmado y dedicado por el autor
500 _aÍndice
655 4 _aPoesías
_9176539
655 4 _aAntologías
_9176540
852 _aES-MaACL
_cDEPO1
_jA-16047
_gDedicatoria autógrafa del autor
_hDonación: Enrique Granda
_xEncuadernación rústica con solapas
_9207576
942 _cMONOGRAFIA
_n0
999 _c198237
_d198237